| 000 | 00336nam a2200121Ia 4500 | ||
|---|---|---|---|
| 008 | 230907s9999||||xx |||||||||||||| ||und|| | ||
| 082 |
_a621.3822 _bCHA, |
||
| 100 |
_aChaparro, Luis F. _962501 |
||
| 245 | 0 | _aSignals and systems using MATLAB | |
| 260 |
_aAcademic Press, _bBurlington, MA : _c2010 |
||
| 300 | _axvi, 752 p. : | ||
| 942 | _cBK | ||
| 999 |
_c596394 _d596394 |
||